| 000 | 00687nam a2200265Ia 4500 | ||
|---|---|---|---|
| 003 | OSt | ||
| 005 | 20220912150446.0 | ||
| 006 | a|||||r|||| 00| 0 | ||
| 007 | ta | ||
| 008 | 220909b |||||||| |||| 00| 0 eng d | ||
| 024 | _a35199 | ||
| 037 | _cTextual | ||
| 040 |
_aCSL _beng _cCSL |
||
| 041 | _aeng | ||
| 082 | _aD65,8(B)2, M5 | ||
| 100 | _aHurst S L | ||
| 245 | 0 | _aSpectral techniques in digital logic | |
| 260 |
_aLondon _bAcademic _c1985 |
||
| 300 |
_axv, 314p. _ccm. |
||
| 650 | _alogic design | ||
| 700 | _a Miller D M | ||
| 700 | _a Muzio J C | ||
| 942 |
_hD65,8(B)2, M5 _cTEXL _2CC |
||
| 999 |
_c47917 _d47917 |
||